| 000 | 01753nam a2200469 a 4500 | ||
|---|---|---|---|
| 001 | ebr10214467 | ||
| 003 | CaPaEBR | ||
| 006 | m u | ||
| 007 | cr cn||||||||| | ||
| 008 | 070301s2007 bcc sb 001 0 eng | ||
| 010 | _z 2007271420 | ||
| 016 | _z20069053766 | ||
| 020 | _z9780774813099 (bound) | ||
| 024 | 3 | _a9780774813099 | |
| 040 |
_aCaPaEBR _cCaPaEBR |
||
| 035 | _a(OCoLC)226374745 | ||
| 043 | _an-cn--- | ||
| 050 | 1 | 4 |
_aHM708 _b.S653 2007eb |
| 082 | 0 | 4 |
_a302 _222 |
| 245 | 0 | 0 |
_aSocial capital, diversity, and the welfare state _h[electronic resource] / _cedited by Fiona M. Kay and Richard Johnston. |
| 260 |
_aVancouver : _bUBC Press, _cc2007. |
||
| 300 | _aix, 352 p. | ||
| 490 | 1 |
_aEquality, security, community, _x1715-8117 |
|
| 504 | _aIncludes bibliographical references and index. | ||
| 533 |
_aElectronic reproduction. _bPalo Alto, Calif. : _cebrary, _d2013. _nAvailable via World Wide Web. _nAccess may be limited to ebrary affiliated libraries. |
||
| 650 | 0 |
_aSocial capital (Sociology) _zCanada. |
|
| 650 | 0 |
_aCultural pluralism _zCanada. |
|
| 650 | 0 |
_aMulticulturalism _zCanada. |
|
| 650 | 0 |
_aTrust _xSocial aspects _zCanada. |
|
| 650 | 0 |
_aWelfare state _zCanada. |
|
| 650 | 6 |
_aCapital social (Sociologie) _zCanada. |
|
| 650 | 6 |
_aPluralisme _zCanada. |
|
| 650 | 6 |
_aConfiance _xAspect social _zCanada. |
|
| 651 | 0 |
_aCanada _xSocial policy. |
|
| 651 | 6 |
_aCanada _xPolitique sociale. |
|
| 655 | 7 |
_aElectronic books. _2local |
|
| 700 | 1 |
_aJohnston, Richard, _d1948- |
|
| 700 | 1 | _aKay, Fiona. | |
| 710 | 2 | _aebrary, Inc. | |
| 830 | 0 | _aEquality, security, community. | |
| 856 | 4 | 0 |
_uhttp://site.ebrary.com/lib/rucke/Doc?id=10214467 _zAn electronic book accessible through the World Wide Web; click to view |
| 999 |
_c127717 _d127717 |
||